| 000 | 00487nam a2200169Ia 4500 | ||
|---|---|---|---|
| 008 | 240729s9999 xx 000 0 und d | ||
| 022 | _a2069-6051 | ||
| 245 | 0 | _aRomanian Journal of Infectious Diseases | |
| 260 | _aRomania | ||
| 260 | _bAmaltea Medical Publishing House | ||
| 650 | _a Infectious and parasitic diseases | ||
| 650 | _a Internal medicine | ||
| 650 | _aMedicine | ||
| 856 | _uhttps://doaj.org/toc/cb67914671624d11b1832dec8eb53cfd | ||
| 942 | _2ddc | ||
| 942 | _cDOAJEJ | ||
| 999 |
_c67076 _d67076 |
||
| 945 |
_a1 _bMadushi Gamage _c1 _dMadushi Gamage |
||